Recveil général des qvestions traictées és conferences du Bureau d'adresse; sur toutes sortes de matieres; parles plus beaux esprits de ce temps.

Bibliographic Details
Other Authors: Renaudot, Théophraste, 1586-1653
Format: Book
Language:French
Published: Paris : [publisher not identified], 1655-56.
Subjects:

MARC

Tag First Indicator Second Indicator Subfields
LEADER 00000cam a2200000M 4500
001 in00002587134
005 20151201152714.0
008 870428m16551656fr 000 0 fre d
035 |a (OCoLC)ocm62356840 
035 |a (OCoLC)62356840 
040 |a MNU  |c MNU  |d OCLCG  |d TEF  |d TXA  |d UtOrBLW 
049 |a TXAM 
050 4 |a Q127.F8  |b R43 1655 
245 0 0 |a Recveil général des qvestions traictées és conferences du Bureau d'adresse; sur toutes sortes de matieres; parles plus beaux esprits de ce temps. 
246 1 7 |a Conferences publiques 
246 3 |a Recueil général des questions traitées et conferences du Bureau d'adresse 
264 1 |a Paris :  |b [publisher not identified],  |c 1655-56. 
300 |a 5 volumes in 4 ;  |c 18 cm. 
336 |a text  |b txt  |2 rdacontent 
337 |a unmediated  |b n  |2 rdamedia 
338 |a volume  |b nc  |2 rdacarrier 
500 |a Title vignettes; head pieces; initials. 
500 |a Volume 2, title varies slightly. 
504 |a The conferences were established by Théophraste Renaudot in 1633. This Recueil covers 345 conferences of G. Gilles de la Tourette. Théophraste Renaudot. page 97. 
650 0 |a Science  |z France  |x History  |y 17th century. 
650 0 |a Philosophy, French  |y 17th century. 
651 0 |a France  |x Civilization  |y 17th century. 
651 0 |a France  |x Intellectual life  |y 17th century. 
700 1 |a Renaudot, Théophraste,  |d 1586-1653. 
948 |a cataloged  |b h  |c 2010/7/27  |d c  |e hgolay  |f 4:39:42 pm 
994 |a C0  |b TXA 
999 |a MARS 
999 f f |s fe52b3f4-3162-32e6-a66f-f5c779e7998c  |i 9ecfa9c4-f405-3ce2-80e4-677861f2edc9  |t 0 
952 f f |p noncirc  |a Texas A&M University  |b College Station  |c Cushing Memorial Library & Archives  |d Cushing: Dawson French (Does not check out)  |t 0  |e Q127.F8 R43 1655  |h Library of Congress classification  |i unmediated -- volume  |k t.4 
998 f f |a Q127.F8 R43 1655  |s t.4  |t 0  |l Cushing: Dawson French (Does not check out)